[Event "FRA-ch U12 Girls"]
[Site "Pau"]
[Date "2015.04.28"]
[Round "4"]
[White "Lahlou, Sofia"]
[Black "Aubert, Estee"]
[Result "0-1"]
[WhiteElo "1179"]
[BlackElo "1535"]
[PlyCount "70"]
[EventDate "2015.04.26"]
[EventType "swiss"]
[EventRounds "9"]
[EventCountry "FRA"]
[SourceTitle "CBM 166 Extra"]
[Source "ChessBase"]
[SourceDate "2015.06.18"]
[SourceVersion "1"]
[SourceVersionDate "2015.06.18"]
[SourceQuality "1"]

1. e4 e5 2. Nc3 Nf6 3. g3 Bc5 4. Bg2 d6 5. Na4 Bb6 6. Nxb6 axb6 7. Ne2 0-0 8. Nc3 Be6 9. Nd5 Nbd7 10. c4 c6 11. Ne3 Nc5 12. d3 d5 13. b4 Na6 14. b5 Nc5 15. cxd5 cxd5 16. exd5 Nxd5 17. d4 Nc3 18. Qc2 exd4 19. Nf5 Bc4 20. Nxd4 Qxd4 21. Be3 Nd3+ 22. Kd2 Ne4+ 23. Bxe4 Qxe4 24. f3 Qd5 25. Qc3 Nf2+ 26. Bd4 Nxh1 27. Ke3 Rfe8+ 28. Kd2 Re2+ 29. Kc1 Rd8 30. Rb1 Qxd4 31. Qxd4 Rxd4 32. Rb4 Nf2 33. Rxc4 Rxc4+ 34. Kb1 Nd3 35. a3 Rc1# 0-1